[Event "Titled Tue 10th Jun Late"]
[Site "chess.com INT"]
[Date "2025.06.10"]
[Round "8"]
[White "Zhukovskyi, Oleksandr"]
[Black "Araujo Filho, Luiz Antonio Coel"]
[Result "1/2-1/2"]
[WhiteTitle "CM"]
[WhiteElo "2145"]
[BlackElo "2077"]
[WhiteFideId "14169371"]
[BlackFideId "2130661"]
[EventDate "2025.06.10"]

1. b3 f5 2. Bb2 Nf6 3. e3 g6 4. Bxf6 exf6 5. c4 Bg7 6. Nc3 O-O 7. Nf3 Re8 8. h4
h6 9. Be2 d6 10. d4 Qe7 11. Nd5 Qf7 12. Qc2 c6 13. Nc3 a6 14. a4 Nd7 15. O-O-O
Nf8 16. Bd3 b5 17. cxb5 cxb5 18. axb5 Rb8 19. Bc4 Be6 20. d5 Bc8 21. bxa6 Ra8
22. Qa2 Nd7 23. Nd4 Nc5 24. Kd2 Bxa6 25. Ra1 Bb7 26. Qc2 f4 27. Ndb5 fxe3+ 28.
fxe3 Qe7 29. e4 Rxa1 30. Rxa1 f5 31. Re1 fxe4 32. Re2 Qxh4 33. Qd1 Qf4+ 34. Kc2
e3 35. Nc7 Re7 36. Ne6 Nxe6 37. dxe6 Be4+ 38. Nxe4 Qxe4+ 39. Qd3 Qxd3+ 40. Kxd3
Bf6 41. Rxe3 Kg7 42. Rf3 Be5 43. Ke4 g5 44. Kd5 Kg6 45. Rf8 Rb7 46. Re8 Kf6 47.
Rf8+ Kg6 48. Rc8 Kf6 49. Rf8+ Kg6 1/2-1/2

[Event "Titled Tue 10th Jun Late"]
[Site "chess.com INT"]
[Date "2025.06.10"]
[Round "8"]
[White "McDonald, Jhustice-Dimonte"]
[Black "Watanabe, Akira"]
[Result "1-0"]
[WhiteTitle "CM"]
[BlackTitle "FM"]
[WhiteElo "2032"]
[BlackElo "2284"]
[WhiteFideId "7402481"]
[BlackFideId "7000227"]
[EventDate "2025.06.10"]

1. Nc3 c5 2. b3 d5 3. d4 e6 4. e4 cxd4 5. Qxd4 Nc6 6. Bb5 Bd7 7. Bxc6 Bxc6 8.
exd5 Nf6 9. Bg5 Be7 10. Nge2 Bxd5 11. O-O Bc6 12. Rad1 Qxd4 13. Nxd4 Nd5 14.
Nxd5 Bxd5 15. Bxe7 Kxe7 16. c4 Be4 17. Rfe1 Bg6 18. f4 Kf6 19. g4 h6 20. h4 Rhd8
21. g5+ hxg5 22. hxg5+ Ke7 23. f5 Bh5 24. Rd3 Rd6 25. fxe6 Bg6 26. exf7+ Kxf7
27. Rf3+ Kg8 28. Nf5 Bxf5 29. Rxf5 Rd2 30. Rf2 Rad8 31. g6 R2d6 32. Rg2 Rd1 33.
Re2 Rxe1+ 34. Rxe1 Kf8 35. Rf1+ Ke8 36. Rf7 Rd2 37. Rxb7 Rxa2 38. Rxg7 a5 39.
Ra7 Kf8 40. b4 Rc2 41. bxa5 Rxc4 42. Kf2 Rg4 43. g7+ Kg8 44. Kf3 Ra4 45. Ke3 Kh7
46. Kd3 Kg8 47. Kc3 Kh7 48. Kb3 Ra1 49. Kb4 Rb1+ 50. Kc5 Rc1+ 51. Kb6 Rb1+ 52.
Ka6 Kg8 53. Rc7 Rb2 54. Ka7 Rb1 55. a6 Rb2 56. Rb7 Ra2 57. Rc7 Rb2 58. Ka8 Rb6
59. a7 Rb1 60. Rb7 Rc1 61. Kb8 1-0

[Event "Titled Tue 10th Jun Late"]
[Site "chess.com INT"]
[Date "2025.06.10"]
[Round "8"]
[White "Dilanyan, Grigor"]
[Black "Vykouk, Jan"]
[Result "1-0"]
[WhiteTitle "FM"]
[BlackTitle "IM"]
[WhiteElo "2191"]
[BlackElo "2490"]
[WhiteFideId "13303570"]
[BlackFideId "349658"]
[EventDate "2025.06.10"]

1. d4 Nf6 2. Nf3 g6 3. Bg5 Bg7 4. Nbd2 O-O 5. c3 d6 6. e4 Nbd7 7. Bc4 h6 8. Bh4
g5 9. Bg3 Nh5 10. Nxg5 Nxg3 11. hxg3 hxg5 12. Qh5 Nf6 13. Qxg5 e6 14. O-O-O d5
15. exd5 Nxd5 16. Qh5 Nf6 17. Qg5 Re8 18. Nf3 Nd5 19. Qh5 Qf6 20. Ne5 c6 21. Bd3
Kf8 22. f4 Ke7 23. Ng4 Nxf4 24. Nxf6 Nxh5 25. Nxe8 Kxe8 26. Rxh5 Bd7 27. Rf1 Ke7
28. Rh7 Rg8 29. g4 Be8 30. g5 Kd6 31. Rfh1 c5 32. dxc5+ Kxc5 33. Kc2 Be5 34. g6
f5 35. Rxb7 Rxg6 36. Re1 Rxg2+ 37. Re2 Rxe2+ 38. Bxe2 Bc6 39. Rxa7 f4 40. Ra5+
Kd6 41. Ra6 Kd7 42. Kd2 Bc7 43. a4 e5 44. Bb5 Bxb5 45. axb5 e4 46. Ra7 Kc8 47.
Ra6 Kd7 48. Ra4 e3+ 49. Ke2 Bd6 50. Rc4 Bc7 51. b4 Bd8 52. Kf3 Bc7 53. Rc6 Bb8
54. Rc5 Bd6 55. Rc4 Bb8 56. b6 Bd6 57. b7 Bc7 58. b5 Bd8 59. b8=Q 1-0

[Event "Titled Tue 10th Jun Late"]
[Site "chess.com INT"]
[Date "2025.06.10"]
[Round "8"]
[White "Mizzi, Jack"]
[Black "Ngo, Quang Thai"]
[Result "0-1"]
[WhiteTitle "CM"]
[BlackTitle "FM"]
[WhiteElo "2107"]
[BlackElo "2326"]
[WhiteFideId "5602521"]
[BlackFideId "12403768"]
[EventDate "2025.06.10"]

1. d4 Nf6 2. c4 e6 3. Nf3 d5 4. Nbd2 c5 5. cxd5 Nxd5 6. g3 Nc6 7. dxc5 Bxc5 8.
Ne4 Be7 9. Bg2 O-O 10. O-O b6 11. a3 Bb7 12. b4 Nf6 13. Nfd2 Nxe4 14. Nxe4 Qxd1
15. Rxd1 Rfd8 16. Bb2 f6 17. Rac1 Rxd1+ 18. Rxd1 Rd8 19. Rxd8+ Nxd8 20. b5 Kf7
21. a4 Bd5 22. Nd2 Bxg2 23. Kxg2 e5 24. e4 Ne6 25. Nb3 Bb4 26. h4 h5 27. Kf3 Ke7
28. Ke2 Kd6 29. Kd3 Be1 30. Ba3+ Kd7 31. Ke2 Bc3 32. Kd3 Be1 33. Ke2 Bc3 34. Ke3
Bd4+ 35. Nxd4 Nxd4 36. Bb2 Ne6 37. Ba3 Nd4 38. Kd3 Ne6 39. Kc4 Nc7 40. Bf8 g5
41. Bg7 Ne8 42. Bf8 gxh4 43. gxh4 Ke6 44. Bb4 Nd6+ 45. Kd3 Nf7 46. f3 Nh8 47. a5
Ng6 48. axb6 axb6 49. Be1 Kd6 50. Bf2 Kc7 51. Kc4 Kd6 52. Bxb6 Nxh4 53. Bd8 Nxf3
54. Bxf6 h4 55. b6 Kc6 56. b7 Kxb7 57. Bxh4 Nxh4 58. Kd5 Nf3 59. Ke6 Kc6 60. Kf5
Kc5 61. Kg4 Nd2 62. Kf5 Kd4 63. Kg4 0-1

[Event "Titled Tue 10th Jun Late"]
[Site "chess.com INT"]
[Date "2025.06.10"]
[Round "8"]
[White "Povshednyi, Ivan"]
[Black "Venkatesh, Narayan"]
[Result "1-0"]
[WhiteTitle "FM"]
[BlackTitle "FM"]
[WhiteElo "2309"]
[BlackElo "2168"]
[WhiteFideId "14190907"]
[BlackFideId "30987881"]
[EventDate "2025.06.10"]

1. d4 e6 2. c4 Nf6 3. Nc3 d5 4. cxd5 exd5 5. Bg5 c6 6. e3 Be7 7. Qc2 h6 8. Bf4
Nh5 9. Be5 Nd7 10. Bg3 O-O 11. Bd3 Nxg3 12. hxg3 Nf6 13. Nf3 Bd6 14. Ne5 Re8 15.
f4 Qe7 16. O-O-O Bd7 17. Kb1 b5 18. Rde1 a5 19. e4 b4 20. Na4 dxe4 21. Bxe4 Nxe4
22. Qxe4 f6 23. Nb6 Rad8 24. Nbxd7 Rxd7 25. Rxh6 fxe5 26. Qh7+ Kf8 27. fxe5 gxh6
28. Rf1+ Qf7 29. Qxh6+ Kg8 30. Rxf7 Rxf7 31. Qg6+ Kf8 32. Qh6+ Kg8 33. Qg6+ Kf8
34. Qxd6+ Kg8 35. Qg6+ Kf8 36. Qxc6 Ree7 37. Qc8+ Kg7 38. Qg4+ Kf8 39. Kc2 Rc7+
40. Kb3 Rf2 41. Qg5 Rcc2 42. Qd8+ Kf7 43. Qd7+ Kf8 44. e6 Rxb2+ 45. Ka4 Rxa2+
46. Kb5 Rae2 47. Qd8+ Kg7 48. e7 b3 49. e8=Q Rxe8 50. Qxe8 b2 51. Qe7+ Rf7 52.
Qe5+ Kf8 53. Qb8+ Kg7 54. Kxa5 Rf5+ 55. Ka4 Rf2 56. Qb7+ Kg6 57. Ka3 Kg5 58.
Qxb2 Rxg2 59. Qxg2 1-0

[Event "Titled Tue 10th Jun Late"]
[Site "chess.com INT"]
[Date "2025.06.10"]
[Round "8"]
[White "Mei, Austin"]
[Black "Skramstad, Oda Kofoed"]
[Result "1-0"]
[WhiteTitle "FM"]
[BlackTitle "WCM"]
[WhiteElo "2280"]
[BlackElo "1898"]
[WhiteFideId "30948479"]
[BlackFideId "1564862"]
[EventDate "2025.06.10"]

1. e4 c6 2. d3 d5 3. Nd2 dxe4 4. dxe4 e5 5. Ngf3 Bd6 6. Nc4 Bb4+ 7. c3 Qxd1+ 8.
Kxd1 Bc5 9. Ncxe5 Bxf2 10. Bc4 Be6 11. Bxe6 fxe6 12. Rf1 Bc5 13. Ng5 Nf6 14.
Nxe6 Bd6 15. Nxg7+ Kd8 16. Nf7+ Ke7 17. Nxh8 Nxe4 18. Rf7+ Kd8 19. Rxb7 Nd7 20.
Nf5 Bxh2 21. Be3 Kc8 22. Rb4 Nef6 23. Kc2 Nd5 24. Re4 N7f6 25. Rh4 Be5 26. Nf7
Bg3 27. Nxg3 Nxe3+ 28. Kd3 Nxg2 29. Rd4 Nd5 30. Rg1 Ngf4+ 31. Kc2 Kc7 32. c4
Ne3+ 33. Kd2 Neg2 34. Ne5 Rg8 35. Ne4 Re8 36. Rd7+ Kb6 37. c5+ Kb5 38. Rb7+ Ka6
39. Nd6 Rxe5 40. Rxh7 Rd5+ 41. Kc3 Ne2+ 42. Kc4 Nxg1 43. b4 Ne3+ 44. Kb3 Rd3+
45. Ka4 Nc2 46. b5+ cxb5+ 47. Nxb5 Rd4+ 48. Nxd4 Nxd4 49. Rd7 Nge2 50. Rd6+ Kb7
51. Kb4 Nc6+ 52. Kc4 Nf4 53. Rf6 Ne2 54. Rf7+ Kb8 55. Kd5 Ned4 56. Rf6 Kc7 57.
Rf7+ Kb8 58. Kd6 a5 59. Rc7 Nb4 60. Rh7 Nxa2 61. c6 1-0

[Event "Titled Tue 10th Jun Late"]
[Site "chess.com INT"]
[Date "2025.06.10"]
[Round "8"]
[White "Silva, Luca"]
[Black "Kjaergaard-Jensen, Jesper"]
[Result "0-1"]
[WhiteTitle "FM"]
[BlackTitle "CM"]
[WhiteElo "2211"]
[BlackElo "2081"]
[WhiteFideId "147370"]
[BlackFideId "1406990"]
[EventDate "2025.06.10"]

1. e4 Nf6 2. e5 Nd5 3. d4 d6 4. c4 Nb6 5. f4 dxe5 6. fxe5 c5 7. d5 e6 8. d6 Qh4+
9. Ke2 Qe4+ 10. Be3 Qxe5 11. Nc3 Nc6 12. Nf3 Qxd6 13. Qc2 Nxc4 14. Rd1 Nxe3 15.
Kxe3 Qb8 16. Bb5 Be7 17. h4 a6 18. Bd3 Nd4 19. Qf2 Nf5+ 20. Ke2 Qc7 21. Rh3 Nd4+
22. Kf1 Nxf3 23. Rxf3 O-O 24. Ne4 Qe5 25. Re1 f5 26. Ng5 Qf6 27. g4 g6 28. gxf5
exf5 29. Rfe3 Bd6 30. Bc4+ Kh8 31. Re6 Bxe6 32. Rxe6 Qd8 33. Qf3 Be7 34. Qc3+
Bf6 35. Rxf6 Qxf6 36. Nf7+ Rxf7 37. Bxf7 Qxc3 38. bxc3 Kg7 39. Bd5 Rb8 40. c4 b5
41. cxb5 axb5 42. Ke2 b4 43. Kd3 Rd8 44. Kc4 Rxd5 45. Kxd5 f4 46. Ke4 f3 47.
Kxf3 c4 48. Ke3 c3 49. Kd3 h6 50. Kc2 g5 51. hxg5 hxg5 52. Kb3 g4 53. a4 bxa3
54. Kc2 g3 55. Kb3 g2 56. Kc2 g1=Q 57. Kb3 Qf2 58. Kc4 Qb2 59. Kd3 a2 60. Kc4
a1=Q 61. Kd3 Qa4 62. Ke3 c2 63. Kd3 Qbb3+ 64. Ke2 Qac4+ 65. Kf2 c1=Q 66. Kg2
Qbb2+ 67. Kf3 Q1c3# 0-1

[Event "Titled Tue 10th Jun Late"]
[Site "chess.com INT"]
[Date "2025.06.10"]
[Round "8"]
[White "Garcia, Angie"]
[Black "Unver, Cumayi"]
[Result "0-1"]
[WhiteTitle "WIM"]
[WhiteElo "1996"]
[BlackElo "2012"]
[WhiteFideId "6702503"]
[BlackFideId "6304940"]
[EventDate "2025.06.10"]

1. e4 c6 2. d4 d5 3. Nd2 dxe4 4. Nxe4 Nf6 5. Nxf6+ exf6 6. c3 Bd6 7. Bd3 O-O 8.
Qc2 Re8+ 9. Ne2 h5 10. O-O h4 11. h3 Nd7 12. Bd2 Nf8 13. Rae1 Be6 14. c4 Rc8 15.
b3 Bb8 16. Bc3 Qc7 17. f4 Bd7 18. Rf3 Rcd8 19. Kf2 Bc8 20. Ng1 Rxe1 21. Kxe1
Re8+ 22. Kf2 Bd7 23. Bd2 a6 24. Ne2 Qd6 25. Re3 Rxe3 26. Bxe3 Ne6 27. c5 Qc7 28.
Be4 Nf8 29. f5 Qh2 30. Kf3 Nh7 31. Bg1 Ng5+ 32. Kf2 Nxh3+ 33. Kf1 Nxg1 34. Nxg1
Qf4+ 35. Nf3 Qg3 36. Qf2 Qf4 37. Qxh4 Qc1+ 38. Qe1 Qb2 39. Qe2 Qa1+ 40. Kf2 Bf4
41. Bd3 Qh1 42. Qe4 Bc1 43. Qe1 Qxe1+ 44. Kxe1 Be8 45. Kf2 g6 46. fxg6 fxg6 47.
Nh4 Kg7 48. Nf3 Bf4 49. g3 Bc7 50. g4 Bf7 51. g5 Bd8 52. gxf6+ Bxf6 53. Ke3 Bd5
54. Be4 Be6 55. Kf4 Kh6 56. Kg3 g5 57. Nd2 Bxd4 58. b4 Be5+ 59. Kg2 Bxa2 60. Nf3
Bf6 61. Nd2 Be6 62. Nf3 g4 0-1

[Event "Titled Tue 10th Jun Late"]
[Site "chess.com INT"]
[Date "2025.06.10"]
[Round "8"]
[White "Khlebovich, Alexander"]
[Black "Bortnyk, Olexandr"]
[Result "1/2-1/2"]
[WhiteTitle "IM"]
[BlackTitle "GM"]
[WhiteElo "2423"]
[BlackElo "2601"]
[WhiteFideId "4169123"]
[BlackFideId "14120828"]
[EventDate "2025.06.10"]

1. d4 Nf6 2. c4 b6 3. Nf3 Bb7 4. Nbd2 e6 5. g3 g6 6. Bg2 Bg7 7. O-O O-O 8. b3 d5
9. Bb2 Na6 10. Ne5 c5 11. dxc5 bxc5 12. Rc1 Qe7 13. cxd5 exd5 14. Nd3 Rac8 15.
Ba3 Ne4 16. Nxe4 dxe4 17. Nf4 Rfd8 18. Qc2 e3 19. Bxb7 exf2+ 20. Rxf2 Qxb7 21.
Bb2 c4 22. Bxg7 cxb3 23. Qb2 Rxc1+ 24. Qxc1 Kxg7 25. Nh5+ Kg8 26. Nf6+ Kh8 27.
axb3 Kg7 28. Nh5+ Kg8 29. Nf6+ Kg7 30. Qa1 Nc7 31. Nh5+ Kf8 32. Qg7+ Ke7 33.
Rxf7+ Kd6 34. Qd4+ Qd5 35. Qf4+ Qe5 36. Rf6+ Ne6 37. Qb4+ Qc5+ 38. Qxc5+ Kxc5
39. Rxe6 gxh5 40. Re5+ Kb4 41. Rxh5 Kxb3 42. Rxh7 a5 43. Rb7+ Kc4 44. Ra7 Kb4
45. Kg2 a4 46. h4 Rd5 47. h5 Rxh5 48. Kf3 Ra5 49. Rb7+ Kc3 50. Rb1 a3 51. g4 a2
52. Ra1 Kb2 53. Rxa2+ Kxa2 54. Kf4 Kb3 55. g5 Kc4 56. g6 Ra1 57. Kf5 Kd5 58. Kf6
Rf1+ 59. Ke7 Rg1 60. Kf7 Rf1+ 61. Ke7 Rg1 62. Kf7 Ke4 63. g7 Ke3 64. g8=Q Rxg8
65. Kxg8 Kxe2 1/2-1/2

[Event "Titled Tue 10th Jun Late"]
[Site "chess.com INT"]
[Date "2025.06.10"]
[Round "8"]
[White "Stefansson, Vignir Vatnar"]
[Black "Thomforde-Toates, Noah"]
[Result "1/2-1/2"]
[WhiteTitle "GM"]
[WhiteElo "2515"]
[BlackElo "2128"]
[WhiteFideId "2308649"]
[BlackFideId "30951992"]
[EventDate "2025.06.10"]

1. e4 c5 2. Nf3 g6 3. d4 cxd4 4. Nxd4 Bg7 5. c4 Nc6 6. Be3 Nf6 7. Nc3 Ng4 8.
Qxg4 Nxd4 9. Qd1 e5 10. Bd3 O-O 11. O-O d6 12. Rc1 Be6 13. Ne2 Qa5 14. a3 Rfc8
15. Nxd4 exd4 16. Bd2 Qb6 17. b4 Rc6 18. Qe2 Rac8 19. Kh1 h5 20. f4 Bg4 21. Qf2
f5 22. h3 fxe4 23. Bxe4 Bf5 24. Bxc6 Qxc6 25. c5 Qd5 26. cxd6 Rxc1 27. Rxc1 Qxd6
28. Qf3 Qd7 29. Rc5 Be6 30. Qe4 b6 31. Rc1 Kh7 32. Qc6 Qf7 33. Qc7 Qf5 34. Qe7
Bd5 35. Kh2 Qe4 36. Qxe4 Bxe4 37. Rc7 a6 38. Ra7 Bd3 39. Rb7 b5 40. Rb6 Bc2 41.
Rxa6 d3 42. Ra7 Kg8 43. Kg3 Bf6 44. Kf3 Bb2 45. Ke3 Kf8 46. g4 hxg4 47. hxg4 Bd1
48. f5 Bxg4 49. fxg6 Bf5 50. Ra6 Bg7 51. Ra5 Bh6+ 52. Kd4 Bxd2 53. Rxb5 Bxg6 54.
Rb6 Bh7 55. Rd6 Bc1 56. a4 d2 57. Kc3 Be4 58. a5 Bf3 59. Kc2 d1=Q+ 60. Rxd1
Bxd1+ 61. Kxd1 Ba3 62. b5 Bb4 63. a6 Bc5 64. Kc2 Ke7 65. Kb3 Bb6 66. Kc4 Kd6 67.
Kb3 1/2-1/2

[Event "Titled Tue 10th Jun Late"]
[Site "chess.com INT"]
[Date "2025.06.10"]
[Round "8"]
[White "Deichmann, Esteban Horacio"]
[Black "Goryachkina, Aleksandra"]
[Result "0-1"]
[BlackTitle "GM"]
[WhiteElo "2103"]
[BlackElo "2533"]
[WhiteFideId "167410"]
[BlackFideId "4147103"]
[EventDate "2025.06.10"]

1. e4 c5 2. Nf3 d6 3. c3 Nf6 4. Bc4 e6 5. d3 Be7 6. O-O O-O 7. Re1 Nc6 8. d4 d5
9. exd5 exd5 10. Bd3 Bg4 11. Be3 cxd4 12. cxd4 Ne4 13. Nc3 Bb4 14. Rc1 Bxc3 15.
bxc3 f5 16. h3 Bh5 17. Bf4 g5 18. Bh2 g4 19. Ne5 Nxe5 20. Bxe5 Nxf2 21. Kxf2 g3+
22. Bxg3 Bxd1 23. Rcxd1 f4 24. Bh2 Qh4+ 25. Kg1 Rae8 26. Rf1 Re3 27. Rf2 f3 28.
gxf3 Rfxf3 29. Rg2+ Kf7 30. Be2 Rf6 31. Be5 Rg6 32. Bg4 Rxh3 33. Rf1+ Ke8 34.
Bxh3 Qxh3 35. Rxg6 hxg6 36. Rb1 Qg4+ 37. Kh2 Qe2+ 38. Kg1 Qe3+ 39. Kh2 b6 40.
Rg1 Qxc3 41. Rxg6 Qc2+ 42. Rg2 Qb1 43. Kg3 b5 44. Kf4 a5 45. Kg5 Qe4 46. Rg4 Qh7
47. Kf6 Qf7+ 48. Kg5 b4 49. Rh4 Qe7+ 50. Bf6 Qe3+ 51. Kg6 Qg3+ 52. Kf5 Kd7 53.
Rh7+ Kc6 54. Rg7 Qh3+ 55. Ke5 a4 56. Rg8 b3 57. axb3 axb3 58. Rc8+ Qxc8 0-1

[Event "Titled Tue 10th Jun Late"]
[Site "chess.com INT"]
[Date "2025.06.10"]
[Round "8"]
[White "Baches Garcia, Guillermo"]
[Black "Khodabandeh, Milad"]
[Result "1-0"]
[WhiteTitle "IM"]
[BlackTitle "CM"]
[WhiteElo "2305"]
[BlackElo "1957"]
[WhiteFideId "2209764"]
[BlackFideId "12538620"]
[EventDate "2025.06.10"]

1. d4 d5 2. Nf3 Nf6 3. c4 c6 4. Nc3 dxc4 5. e4 b5 6. Qc2 e6 7. Be2 Bb7 8. O-O a6
9. b3 b4 10. e5 Nfd7 11. Ne4 c3 12. Bg5 Qb6 13. Bd3 c5 14. Rad1 cxd4 15. Bc4 h6
16. Bh4 Nc6 17. Bg3 Rd8 18. Rfe1 Be7 19. Nd6+ Bxd6 20. exd6 O-O 21. h4 Kh8 22.
h5 e5 23. Qf5 Na5 24. Bd3 e4 25. Bxe4 Bxe4 26. Qxe4 Rfe8 27. Qxd4 Qxd4 28. Nxd4
Nf6 29. Be5 Nxh5 30. g4 Nf6 31. f3 Kh7 32. Kf2 Nd7 33. Bf4 g6 34. Re7 Kg8 35.
Rde1 Nf6 36. Bxh6 Nd5 37. Rxe8+ Rxe8 38. Rxe8+ Kh7 39. d7 Nb7 40. Bc1 Nb6 41.
d8=Q Nxd8 42. Rxd8 a5 43. Rd6 Nc8 44. Rd5 Ne7 45. Rxa5 Kg7 46. Rb5 f5 47. gxf5
gxf5 48. Nxf5+ Kf6 49. Nxe7 Kxe7 50. Rxb4 Kd6 51. Rc4 Kd5 52. Rxc3 Kd4 53. Rc4+
Kd3 54. Bb2 Kd2 55. a4 Kd3 56. a5 Kd2 57. a6 Kd3 58. a7 Kd2 59. a8=Q Kd3 60.
Qd5# 1-0

[Event "Titled Tue 10th Jun Late"]
[Site "chess.com INT"]
[Date "2025.06.10"]
[Round "8"]
[White "Klys, Kacper"]
[Black "Jasinski, Alexander"]
[Result "1-0"]
[WhiteElo "2218"]
[BlackElo "1989"]
[WhiteFideId "21005281"]
[BlackFideId "55627994"]
[EventDate "2025.06.10"]

1. e4 c5 2. Nf3 d6 3. Bb5+ Bd7 4. Bxd7+ Nxd7 5. O-O Ngf6 6. Qe2 g6 7. c3 Bg7 8.
d4 cxd4 9. cxd4 O-O 10. Nc3 a6 11. e5 Ng4 12. e6 Nb6 13. exf7+ Rxf7 14. Ng5 Nh6
15. Nxf7 Nxf7 16. Be3 Rc8 17. Rac1 Qd7 18. b3 e6 19. Qd2 Rf8 20. Rfe1 d5 21. Bf4
Nc8 22. Na4 e5 23. dxe5 Nd8 24. Nc5 Qb5 25. a4 Qe8 26. Bg3 Ne7 27. Bh4 Ndc6 28.
Ne6 Rf5 29. Nxg7 Kxg7 30. Bf6+ Kg8 31. f4 h5 32. h3 h4 33. Bxh4 Rh5 34. Bf6 Qd7
35. Qd3 Qe6 36. Red1 Rh7 37. Rc5 Kf7 38. Rxd5 Nxd5 39. Qxd5 Qxd5 40. Rxd5 Ke6
41. Rd6+ Kf5 42. Bg5 Na5 43. b4 Nc4 44. Rf6+ Ke4 45. Rxg6 Ne3 46. Kf2 Rc7 47.
Kg3 Rc2 48. Kh4 Rxg2 49. e6 Nf5+ 50. Kh5 Kf3 51. e7 Re2 52. Rb6 Nxe7 53. Rxb7
Nd5 54. b5 axb5 55. Rxb5 Nxf4+ 56. Bxf4 Kxf4 57. Rb4+ Kf5 58. Rb5+ Kf6 59. a5
Re8 60. Kg4 Ra8 61. Kf4 Ke6 62. Rb6+ Kd5 63. a6 Kc5 64. Rh6 Rf8+ 65. Kg5 Rg8+
66. Rg6 Rh8 67. h4 Kd5 68. h5 Ke5 69. h6 Ke4 70. a7 Ke5 71. h7 Ra8 72. Rg8 1-0

[Event "Titled Tue 10th Jun Late"]
[Site "chess.com INT"]
[Date "2025.06.10"]
[Round "8"]
[White "Shukhman, Anna"]
[Black "Ermachenko, Manuel"]
[Result "0-1"]
[WhiteTitle "WGM"]
[BlackTitle "CM"]
[WhiteElo "2413"]
[BlackElo "2277"]
[WhiteFideId "54180058"]
[BlackFideId "24560952"]
[EventDate "2025.06.10"]

1. e4 c5 2. Nf3 e6 3. d4 cxd4 4. Nxd4 Nf6 5. Nc3 Nc6 6. a3 d5 7. Bb5 Bd7 8. exd5
exd5 9. O-O Be7 10. Nb3 a6 11. Be2 Be6 12. Re1 O-O 13. Be3 Rc8 14. Nd4 Bd6 15.
Nxe6 fxe6 16. g3 Qd7 17. Bf3 Qf7 18. Bg2 h5 19. h3 h4 20. gxh4 Ne7 21. Bg5 Nf5
22. Qd3 Kh8 23. Kh1 Nh7 24. Qe2 Rce8 25. Qg4 Bc5 26. f4 Bf2 27. Re5 Bd4 28. Re2
Bxc3 29. bxc3 Nf6 30. Bxf6 gxf6 31. Qf3 Nxh4 32. Qf2 Nf5 33. Bf3 Rg8 34. Rg1
Rxg1+ 35. Qxg1 Rg8 36. Rg2 Rxg2 37. Qxg2 Qg7 38. Bg4 Ne3 39. Qf3 Nxg4 40. hxg4
Qh7+ 41. Kg1 Qxc2 42. g5 Kg7 43. Qe3 Qf5 44. Qb6 fxg5 45. Qxb7+ Kf6 46. fxg5+
Qxg5+ 47. Kf2 Qd2+ 48. Kf1 Qc1+ 49. Kf2 Qxa3 50. Qc8 Qe7 51. Qxa6 Qc5+ 52. Kg2
Qxc3 53. Qa8 Qc2+ 54. Kg1 Qg6+ 55. Kf1 Kf5 56. Qf8+ Qf6 57. Qc5 Ke4+ 58. Ke1
Qa1+ 59. Ke2 Qb2+ 60. Ke1 Qb1+ 61. Kf2 Qb2+ 62. Kf1 Qd4 63. Qe7 e5 64. Qh7+ Ke3
65. Qh3+ Kd2 66. Qg2+ Kc3 67. Qa2 Qc4+ 0-1

[Event "Titled Tue 10th Jun Late"]
[Site "chess.com INT"]
[Date "2025.06.10"]
[Round "8"]
[White "Danila, Tudor-Gabriel"]
[Black "Izafatava, Kira"]
[Result "1-0"]
[WhiteTitle "CM"]
[WhiteElo "2178"]
[BlackElo "2036"]
[WhiteFideId "1274244"]
[BlackFideId "13521705"]
[EventDate "2025.06.10"]

1. e4 c5 2. c3 Nf6 3. e5 Nd5 4. d4 cxd4 5. Nf3 Nc6 6. cxd4 e6 7. Bc4 d6 8. O-O
Be7 9. Qe2 dxe5 10. dxe5 Qc7 11. Re1 Bd7 12. Bd2 Rc8 13. Nc3 Nb6 14. Bd3 a6 15.
a3 Nd5 16. Nxd5 exd5 17. Rad1 Bc5 18. Ng5 h6 19. Nxf7 Kxf7 20. e6+ Kg8 21. exd7
Qxd7 22. Qh5 Rf8 23. Be3 Bxe3 24. Rxe3 Qf7 25. Qh4 g5 26. Qg3 Qf4 27. Qh3 Qxf2+
28. Kh1 Kg7 29. Ree1 Qc5 30. Qe6 Rf6 31. Qd7+ Rf7 32. Qg4 Rhf8 33. h4 d4 34. h5
Ne5 35. Qe4 Nxd3 36. Qg6+ Kh8 37. Qxd3 Qf5 38. Qxd4+ Qf6 39. Qe4 Qf4 40. Qxf4
Rxf4 41. Re6 Rh4+ 42. Kg1 Rxh5 43. Rb6 Rh4 44. Rxb7 Rhf4 45. Rb6 R8f6 46. Rdd6
Rxd6 47. Rxd6 Kg7 48. Rxa6 Rc4 49. Rb6 Rc1+ 50. Kh2 h5 51. b4 Ra1 52. Ra6 g4 53.
Kg3 Ra2 54. b5 h4+ 55. Kxh4 Rxg2 56. b6 Rb2 57. Kxg4 Kf8 58. a4 Ke8 59. a5 Kd8
60. Ra7 Kc8 61. Kf4 Kb8 62. Ke4 Rb5 63. Kd4 Rb1 64. Kc4 Rc1+ 65. Kb5 Rb1+ 66.
Ka6 Rd1 67. Rh7 Rd8 68. Rh5 Rf8 69. Kb5 Rf1 70. Rh8+ Kb7 71. a6# 1-0

[Event "Titled Tue 10th Jun Late"]
[Site "chess.com INT"]
[Date "2025.06.10"]
[Round "8"]
[White "Dambaev, Dashi"]
[Black "Harshal, Shahi"]
[Result "1/2-1/2"]
[WhiteTitle "CM"]
[BlackTitle "FM"]
[WhiteElo "2211"]
[BlackElo "2143"]
[WhiteFideId "55628494"]
[BlackFideId "5048257"]
[EventDate "2025.06.10"]

1. d4 d5 2. c4 c6 3. Nf3 Nf6 4. Qc2 Bg4 5. e3 e6 6. Qd2 Ne4 7. Qc2 Nd7 8. Bd3 f5
9. Nfd2 Bh5 10. Nxe4 fxe4 11. Be2 Bxe2 12. Qxe2 Qg5 13. O-O Bd6 14. Nc3 O-O 15.
Bd2 Nf6 16. f3 Qh5 17. h3 exf3 18. Rxf3 Qg6 19. Raf1 Ne4 20. Rxf8+ Rxf8 21.
Rxf8+ Bxf8 22. Nxe4 Qxe4 23. Qf1 Qc2 24. Bc3 dxc4 25. Qxc4 Kf7 26. Qf1+ Qf5 27.
e4 Qxf1+ 28. Kxf1 g6 29. Ke2 Bg7 30. Kd3 e5 31. dxe5 Ke6 32. Bd4 b6 33. a4 Bxe5
34. b4 Kd6 35. g4 c5 36. bxc5+ bxc5 37. Be3 Kc6 38. Kc4 Bd6 39. a5 a6 40. Bd2
Be5 41. Be3 Bd6 42. Bf2 Bc7 43. Bxc5 Bxa5 44. e5 Bc7 45. e6 h5 46. e7 Kd7 47.
Kd5 hxg4 48. hxg4 Bf4 49. Ke4 Bg5 50. Kd5 Bxe7 51. Bd4 a5 52. Kc4 a4 53. Be5 Ke6
54. Bg7 a3 55. Kb3 Bf6 56. Bh6 Ke5 57. Be3 g5 58. Bc1 Be7 59. Ka2 Ke4 60. Bxg5
Bxg5 61. Kxa3 Kf3 62. Kb3 Kxg4 1/2-1/2

[Event "Titled Tue 10th Jun Late"]
[Site "chess.com INT"]
[Date "2025.06.10"]
[Round "8"]
[White "Ragger, Markus"]
[Black "Odegov, Artem"]
[Result "0-1"]
[WhiteTitle "GM"]
[BlackTitle "FM"]
[WhiteElo "2566"]
[BlackElo "2244"]
[WhiteFideId "1610856"]
[BlackFideId "34183644"]
[EventDate "2025.06.10"]

1. d4 d5 2. c4 e6 3. Nf3 Nf6 4. g3 c5 5. Bg2 cxd4 6. O-O Bc5 7. Nxd4 O-O 8. Nb3
Bb6 9. Bg5 dxc4 10. Qxd8 Rxd8 11. N3d2 h6 12. Bxf6 gxf6 13. Nxc4 Bc7 14. Nc3 Nd7
15. Rfd1 a6 16. Ne4 Rb8 17. Rac1 f5 18. Ncd6 fxe4 19. Rxc7 Nf6 20. Rcc1 e3 21.
fxe3 Kf8 22. Bf3 Ke7 23. Rc7+ Bd7 24. Nxb7 Rdc8 25. Rdc1 Rxc7 26. Rxc7 Ne8 27.
Rc2 f5 28. Kf2 e5 29. Na5 e4 30. Bg2 Nd6 31. b3 h5 32. Nc6+ Bxc6 33. Rxc6 Ra8
34. Rc7+ Ke6 35. Rh7 a5 36. Rxh5 a4 37. h3 axb3 38. axb3 Rb8 39. g4 fxg4 40.
hxg4 Rxb3 41. Rh6+ Ke5 42. Bh3 Nc4 43. g5 Nxe3 44. Re6+ Kf4 45. Rf6+ Kxg5 46.
Rf8 Nd1+ 47. Ke1 Nb2 48. Bg2 e3 49. Bd5 Rb5 50. Rd8 Na4 51. Kf1 Kf4 52. Bc4 Rb6
53. Bd3 Nc5 54. Rf8+ Ke5 55. Rf5+ Kd4 56. Rf4+ Kd5 57. Rf3 Nxd3 58. exd3 Kd4 59.
Ke2 Rb2+ 60. Kf1 Kxd3 61. Rh3 Rb1+ 62. Kg2 Kd2 63. Kf3 e2 64. Rh2 Rf1+ 65. Ke4
Rf8 66. Kd4 Kd1 67. Kc3 e1=Q+ 68. Kd3 Rd8+ 69. Kc4 Qe4+ 70. Kc5 Rd5+ 71. Kc6
Qe6+ 72. Kc7 Rd7+ 73. Kc8 Qe8# 0-1